00386nam a2200169Ia 4500003000400000005001700004008004100021040000700062041000800069082002100077245004200098260000900140300001200149365000800161650003100169650001600200OSt20230627152949.0210423s9999 xx 000 0 und d cAL aeng a361.3 223bANOS aSocial welfare: a conceptual overview c2001 a194bHB cINR aSocial Problems & Services aSocial Work